000
00281nam a22001337a 4500
008
171102b xxu||||| |||| 00| 0 eng d
020
_a
B0009K75RM
041
_a
eng
080
_a
339.9
100
_a
59
101
_a
GLO
245
_a
THE CHOICE
_c
BRZEZINSKI,Z
942
_2
udc
_c
BK
999
_c
37154
_d
37154